000 00447nam a22001817a 4500
003 OSt
005 20240625154136.0
008 240625b |||||||| |||| 00| 0 eng d
020 _a9781882577521
040 _cMUST
082 _a332.4 FUT 1987
100 _aDorn,James A
_917877
245 _aThe future of money in the information age
_cJames A,Dorn
300 _a171p.
_c23cm
504 _aindex
650 _2Money
942 _2ddc
_cO_SHELF
999 _c8846
_d8846